Banks dust off distressed City schemes (Record no. 82821)
[ view plain ]
| 000 -LEADER | |
|---|---|
| fixed length control field | 00972cab a22001935a 4500 |
| 001 - CONTROL NUMBER | |
| control field | L151554 |
| 008 - FIXED-LENGTH DATA ELEMENTS--GENERAL INFORMATION | |
| fixed length control field | 101117e2010 xxk 000 0 eng d |
| 035 ## - SYSTEM CONTROL NUMBER | |
| System control number | (Sirsi) u151554 |
| 041 0# - LANGUAGE CODE | |
| Language code of text/sound track or separate title | eng |
| 100 1# - MAIN ENTRY--PERSONAL NAME | |
| Personal name | Phillips, Mike |
| 245 00 - TITLE STATEMENT | |
| Title | Banks dust off distressed City schemes |
| 260 ## - PUBLICATION, DISTRIBUTION, ETC. | |
| Date of publication, distribution, etc. | 2010 |
| 490 #0 - SERIES STATEMENT | |
| Series statement | Property Week |
| Volume/sequential designation | 76(45) 12 November 2010, 20-21 (2) |
| 520 ## - SUMMARY, ETC. | |
| Summary, etc. | Below the level of the new wave of high profile Square Mile developments renewed interest is emerging in the swathe of City distressed sites either in receivership or where banks have taken control from the original borrowers. With grade A office vacancies bottoming out in 2014/15 and rents likely to rise sharply lenders with distressed City schemes on their books are highlighting the potential of these sites. Examines the prospects of eight City distressed sites. |
| 590 ## - LOCAL NOTE (RLIN) | |
| Local note | KA |
| 651 #4 - SUBJECT ADDED ENTRY--GEOGRAPHIC NAME | |
| Geographic name | London |
| 690 ## - LOCAL SUBJECT ADDED ENTRY--TOPICAL TERM (OCLC, RLIN) | |
| Topical term or geographic name as entry element | PROPERTY-COMMERCIAL PROPERTY-COMMERCIAL PROPERTY MARKET |
| 942 ## - ADDED ENTRY ELEMENTS (KOHA) | |
| Suppress in OPAC | 0 |
| Withdrawn status | Lost status | Source of classification or shelving scheme | Damaged status | Not for loan | Home library | Current library | Shelving location | Date acquired | Total Checkouts | Full call number | Barcode | Date last seen | Copy number | Price effective from | Koha item type |
|---|---|---|---|---|---|---|---|---|---|---|---|---|---|---|---|
| Dewey Decimal Classification | London | London | Journal article | 17/11/2010 | L151554 | 151554-1001 | 06/08/2019 | 1 | 06/08/2019 | Journal article |